कर्मयोगी संतरत्नभूषण प्रतिवाद भयंकर परमहंस श्री रामचन्द्र दास जी महाराज (Record no. 48379)

MARC details
000 -LEADER
fixed length control field 00523nam a22001457a 4500
003 - CONTROL NUMBER IDENTIFIER
control field OSt
008 - FIXED-LENGTH DATA ELEMENTS--GENERAL INFORMATION
fixed length control field 250707b |||||||| |||| 00| 0 eng d
020 ## - INTERNATIONAL STANDARD BOOK NUMBER
International Standard Book Number 9789382998723
082 ## - DEWEY DECIMAL CLASSIFICATION NUMBER
Classification number 294.5436
Item number T83K
100 ## - MAIN ENTRY--PERSONAL NAME
Personal name Santosh Kumar
245 ## - TITLE STATEMENT
Title कर्मयोगी संतरत्नभूषण प्रतिवाद भयंकर परमहंस श्री रामचन्द्र दास जी महाराज
260 ## - PUBLICATION, DISTRIBUTION, ETC. (IMPRINT)
Place of publication, distribution, etc New Delhi
Name of publisher, distributor, etc Shivank Prakashan
Date of publication, distribution, etc 2023
300 ## - PHYSICAL DESCRIPTION
Extent 200p
942 ## - ADDED ENTRY ELEMENTS (KOHA)
Source of classification or shelving scheme
Koha item type Hindi Books
Holdings
Withdrawn status Lost status Source of classification or shelving scheme Damaged status Not for loan Home library Current library Date acquired Source of acquisition Total Checkouts Full call number Barcode Date last seen Bill Date Koha item type
          Dr. Rajendra Prasad Central Agricultural University Pusa, Dr. Rajendra Prasad Central Agricultural University Pusa, 07/07/2025 DPS, New Delhi   294.5436 T83K 82798 07/07/2025 07/07/2025 Hindi Books
Hosted, Implemented, Customized & Maintained by: BestBookBuddies

Powered by Koha